000 00307nam a22001337a 4500
008 170809b xxu||||| |||| 00| 0 eng d
020 _a9781878058614
041 _aeng
080 _a004
100 _a35
101 _aSHK
245 _aSETTING UP AN INTERNET SITE FOR DUMMIES
_cCOOMBS,J
942 _2udc
_cBK
999 _c22995
_d22995